000 nam a22 7a 4500
999 _c47218
_d47218
003 OSt
005 20190506160727.0
008 190506b xxu||||| |||| 00| 0 eng d
040 _csero soft
100 _aSharma,R.A
245 _aMega trends in into technology
260 _aMeerut
_bIPH
300 _a452
942 _2ddc
_c01